000 00569nam a2200169Ia 4500
008 090201s9999 xx 000 0 und d
010 _aKPL-41379
040 _bमराठी
041 _aमराठी
082 _a34411
_b41379
100 _aमहात्मा ज्योतिबा फुले
245 _aगुलामगीरी
_cमहात्मा ज्योतिबा फुले
260 _c2004
_bगजानन बुक डेपो
300 _a68
_bमोठा
600 _aगुलामगीरी
942 _cBOOK
999 _c232604
_d232604